Biggest Cities in Quebec on the Map - Statistics

General Stats
  • This quiz has been taken 259 times
  • The average score is 10 of 20
Answers on the Map
Answers color-coded by a green-red scale on the quiz's map according to % correct below.
 
Answer Stats
Pop City % Correct
4.29 m Montréal
99%
733 k Québec
99%
271 k Gatineau
79%
151 k Sherbrooke
74%
128 k Trois-Rivières
74%
103 k Saguenay
69%
72.0 k Drummondville
53%
38.7 k Rimouski
50%
88.0 k Saint-Jean-sur-Richelieu
48%
21.3 k Sept-Îles
48%
25.4 k Val-d'Or
48%
62.6 k Granby
37%
23.1 k Rouyn-Noranda
37%
38.9 k Shawinigan
35%
50.6 k Saint-Hyacinthe
33%
46.3 k Victoriaville
33%
27.4 k Saint-Georges
28%
36.5 k Sorel-Tracy
26%
22.2 k Magog
24%
41.6 k Salaberry-de-Valleyfield
21%
No matching quizzes found
Score Distribution
Percent of People with Each Score
Percentile by Number Answered
Your Score History
You have not taken this quiz